000 00456nam a2200181Ia 4500
001 4323
005 20260306145747.0
008 260306t2009||||xx |||||||||||||| ||spa||
041 _aESP
082 _a320.9
_bO57
100 _aOppenheimer, Andrés
_eAUT
245 0 _aLos estados desunidos de latinoamérica:
_b(las mejores columnas del 2006 al 2009)
260 _c2009
300 _a
_c
650 _aGEN
654 _aCDE
942 _cLIB
_dJUS
_fJUS
_2ddc
_n
999 _c4323
_d4323